Pfalz - Allgemein & Geographie - Statistiken

Allgemein
  • Dieses Quiz wurde 30 mal gespielt
  • Das Durchschnittsergebnis liegt bei 17 aus 60
Antwortstatistiken
gesucht Antwort % Korrekt
Fluss durch Dahn Wieslauter
92%
einwohnerreichste Stadt an derWeinstraße Neustadt
84%
einwohnerreichste Stadt Ludwigshafen
76%
Fluss, der die Ostgrenze bildet Rhein
76%
weltweit tätiger Chemiekonzern aus Ludwigshafen BASF
68%
Hügel, auf dem das Stadion desFC Kaiserslautern steht Betzenberg
64%
Stadt mit Fernbahnhof mit Anschluss nach Paris Kaiserslautern
60%
Standort des Historischen Museums der Pfalz Speyer
60%
größter Stützpunkt der US-Armee Ramstein
56%
westlich angrenzendes Bundesland Saarland
56%
angrenzender Land-/Stadtkreis (im Uhrzeigersinn) Worms
56%
Autobahn, die die Pfalz von Westen nach Osten durchquert 6
52%
östlich angrenzendesBundesland Baden-Württemberg
52%
kleinste kreisfreie Stadt Zweibrücken
52%
größte Katzenart Luchs
48%
von Speyer ausgehender Pilgerpfad nach Santiago de Compostela Jakobsweg
44%
ehemaliges Königreich, zu dem die Pfalz im 19. Jahrhundert gehörte Bayern
40%
Ruine bei Neustadt, bekanntdurch ein Fest 1832 Hambacher Schloss
40%
durch König Richard Löwenherzbekannte Burg bei Annweiler Trifels
40%
Stadt direkt nordwestlich von Ludwigshafen Frankenthal
36%
Freizeitattraktion bei Haßloch Holidaypark
36%
größte Kirche Speyerer Dom
36%
angrenzender Land-/Stadtkreis (im Uhrzeigersinn) Bad Kreuznach
28%
kleinste Kreisstadt; im Westen Kusel
28%
Fluss durch Landau Queich
28%
Felsformation bei Hinterweidenthal Teufelstisch
24%
zweitgrößte Gemeinde/Stadt im Landkreis Südliche Weinstraße Bad Bergzabern
20%
höchster Berg Donnersberg
20%
höchster Berg im Pfälzerwald Kalmit
20%
angrenzender Land-/Stadtkreis (im Uhrzeigersinn) Birkenfeld
16%
Pirmasenser Museum zu Technik und Naturwissenschaft Dynamikum
16%
Stadt an der Weinstraße zwischen Neustadt und Landau Edenkoben
16%
Neustadter Ortsteil bekanntfür das Mandelblütenfest Gimmeldingen
16%
Stadt ca. 15 Kilometer nördlichvon Bad Dürkheim Grünstadt
16%
Bezeichnung für den Ostrand des Pfälzerwalds Hardt
16%
angrenzender Land-/Stadtkreis (im Uhrzeigersinn) Alzey-Worms
12%
noch bewohnte Burg im Wasgau Berwartstein
12%
Waldgebiet im Oberrheingrabennahe der französischen Grenze Bienwald
12%
Ort des zweitgrößten Weihnachtsmarkts in Rheinland-Pfalz Deidesheim
12%
Fundort der Überreste einesMassakers in der Jungsteinzeit Herxheim
12%
Stadt ca. 10 Kilometer westlich von Kaiserslautern Landstuhl
12%
zweitgrößte Stadt im Landkreis Germersheim Wörth
12%
1. Tunnel der B10 bei Annweiler(von Osten) Barbarossa
8%
Ort des rheinland-pfälzischen Storchenzentrums Bornheim
8%
einwohnerreichste Stadt im Donnersbergkreis Eisenberg
8%
Fabelwesen aus dem Pfälzerwald Elwetritsche
8%
Fluss im Nordwesten der Pfalz,der in die Nahe mündet Glan
8%
Ort bekannt für römische Terra Sigillata Rheinzabern
8%
Bezeichnung für den Südteil des Pfälzerwalds Wasgau
8%
Bundesstraße, die den Pfälzerwald in Nord-Süd- Richtung durchquert 48
4%
östlichster Ort Altrip
4%
westlicher Endhaltepunkt des "Kuckucksbähnels" Elmstein
4%
längste Burg Lichtenberg
4%
2. Tunnel der B10 bei Annweiler (von Osten) Löwenherz
4%
Kaiser des Heiligen Römischen Reiches, nach dem die Germersheimer Rheinbrücke benannt ist Rudolf von Habsburg
4%
3. Tunnel der B10 bei Annweiler(von Osten) Staufer
4%
Bezeichnung für den West-/Mittelteil des Pfälzerwalds Frankenweide
0%
höchstgelegene Siedlung/Ortsteil Hermersbergerhof
0%
4. Tunnel der B10 bei Annweiler(von Osten) Kostenfels
0%
höchstgelegene Gemeinde Ruppertsecken
0%
Keine übereinstimmenden Quizze gefunden
Verteilung der Resultate
Anzahl Personen mit jedem Resultat
Perzentil nach korrekt beantworteten Fragen
Ihre Resultats-Entwicklung
Sie haben dieses Quiz noch nicht gespielt